Advanced English for translation /

Cuốn sách gồm 36 unit dùng cho trình độ trung và cao cấp và sinh viên chuyên ngữ. Sách cũng thích hợp để luyện thi phần dịch của Cambridge Certificate of proficiency in English và cả những lĩnh vực như kinh doanh, du lịch...

Đã lưu trong:
Chi tiết về thư mục
Tác giả chính: Chamberlin, Dennis.
Tác giả khác: White, Gillian., Đặng Lâm Hùng (dịch.), Đặng Tuấn Anh (dịch.)
Định dạng: Sách
Ngôn ngữ:Vietnamese
English
Được phát hành: Tp.HCM : Nxb Trẻ, 2000.
Những chủ đề:
Các nhãn: Thêm thẻ
Không có thẻ, Là người đầu tiên thẻ bản ghi này!
Thư viện lưu trữ: Mạng thư viện Đại học Đà Nẵng
LEADER 01347cam a2200397 i 4500
001 000046913
003 6422
005 20041029145335.0
008 010220b2000 vm 000 vie
020 |c 16000 
022 |a T 
040 |a IRC  |c IRC  |d IRC 
041 1 |a vie  |h eng 
082 1 4 |a 428.02  |b CH-D 
100 1 |a Chamberlin, Dennis. 
245 1 0 |a Advanced English for translation /  |c Dennis Chamberlin, Gillian White ; Đặng Lâm Hùng, Đặng Tuấn Anh dịch và chú giải. 
260 |a Tp.HCM :  |b Nxb Trẻ,  |c 2000. 
300 |a 178 tr. ;  |c 19 cm. 
520 3 |a Cuốn sách gồm 36 unit dùng cho trình độ trung và cao cấp và sinh viên chuyên ngữ. Sách cũng thích hợp để luyện thi phần dịch của Cambridge Certificate of proficiency in English và cả những lĩnh vực như kinh doanh, du lịch... 
630 0 4 |a Anh ngữ. 
630 0 4 |a English language. 
630 0 4 |a Translation. 
650 0 4 |a English language  |x Translation. 
700 1 |a White, Gillian. 
700 1 |a Đặng Lâm Hùng,  |e dịch. 
700 1 |a Đặng Tuấn Anh,  |e dịch. 
OWN |a DUT 
999 |a From the UDN01 
TYP |a Monograph 
TYP |a Printed language 
980 |a Mạng thư viện Đại học Đà Nẵng